| 000 | 00478nam a2200193Ia 4500 | ||
|---|---|---|---|
| 003 | OSt | ||
| 005 | 20260520135009.0 | ||
| 008 | 250729s2010 xx 000 0 und d | ||
| 020 | _a978-8175414150 | ||
| 040 | _cAL | ||
| 041 | _aeng | ||
| 082 | _a370.15 AGGE | ||
| 100 |
_aJ C Aggarwal _9233521 |
||
| 245 | _aEducation in the emerging indian socity | ||
| 260 |
_aNew Delhi _bShipra Publication _c2010 |
||
| 300 | _a472p | ||
| 650 |
_aEducation _9233522 |
||
| 942 |
_2ddc _cBED |
||
| 999 |
_c240321 _d240321 |
||